[Event "Irena Warakomska Memorial B"]
[Site "Suwalki"]
[Date "2020.08.13"]
[Round "9"]
[White "Sapeta, Robert"]
[Black "Wierzbicki, Michal"]
[Result "0-1"]
[Board "2"]
[WhiteElo "1895"]
[WhiteCountry "POL"]
[WhiteFideId "1118676"]
[WhiteEloChange "-11"]
[BlackElo "1849"]
[BlackCountry "POL"]
[BlackFideId "1185152"]
[BlackEloChange "11"]

1. d4 {[%clk 1:30:59]} Nf6 {[%clk 1:30:57]} 2. Nc3 {[%clk 1:31:24]} e6 {[%clk
1:27:52]} 3. e4 {[%clk 1:31:48]} d5 {[%clk 1:28:18]} 4. Bg5 {[%clk 1:31:59]} Be7
{[%clk 1:27:30]} 5. e5 {[%clk 1:32:16]} Nfd7 {[%clk 1:27:52]} 6. h4 {[%clk
1:32:10]} h6 {[%clk 1:25:29]} 7. Bxe7 {[%clk 1:31:52]} Qxe7 {[%clk 1:25:55]} 8.
Qg4 {[%clk 1:32:04]} Kf8 {[%clk 1:23:45]} 9. O-O-O {[%clk 1:31:35]} a6 {[%clk
1:19:33]} 10. f4 {[%clk 1:23:54]} h5 {[%clk 1:07:46]} 11. Qg3 {[%clk 1:19:19]} g6
{[%clk 1:06:58]} 12. Nf3 {[%clk 1:14:31]} c5 {[%clk 1:07:03]} 13. dxc5 {[%clk
1:14:23]} Nc6 {[%clk 1:06:26]} 14. Bd3 {[%clk 1:05:33]} Nxc5 {[%clk 1:05:08]} 15.
Qg5 {[%clk 0:57:11]} b5 {[%clk 0:54:20]} 16. Qxe7+ {[%clk 0:39:25]} Kxe7 {[%clk
0:54:25]} 17. Ne2 {[%clk 0:39:29]} Bb7 {[%clk 0:50:25]} 18. Ned4 {[%clk 0:39:02]}
Rac8 {[%clk 0:48:58]} 19. Nxc6+ {[%clk 0:39:14]} Bxc6 {[%clk 0:47:27]} 20. Nd4
{[%clk 0:37:35]} b4 {[%clk 0:45:38]} 21. b3 {[%clk 0:11:21]} Rc7 {[%clk 0:44:12]}
22. Kd2 {[%clk 0:10:51]} Rhc8 {[%clk 0:41:30]} 23. a3 {[%clk 0:08:30]} bxa3
{[%clk 0:39:36]} 24. Ra1 {[%clk 0:08:57]} Bb5 {[%clk 0:37:50]} 25. Rxa3 {[%clk
0:08:51]} Nxd3 {[%clk 0:37:26]} 26. cxd3 {[%clk 0:09:14]} Rc3 {[%clk 0:37:44]}
27. Rh3 {[%clk 0:06:56]} Rc1 {[%clk 0:35:33]} 28. Nxb5 {[%clk 0:06:27]} axb5
{[%clk 0:35:02]} 29. Ra7+ {[%clk 0:06:53]} Ke8 {[%clk 0:34:43]} 30. Ke3 {[%clk
0:05:26]} R1c3 {[%clk 0:32:35]} 31. g4 {[%clk 0:05:33]} hxg4 {[%clk 0:32:43]} 32.
Rh1 {[%clk 0:04:26]} R8c7 {[%clk 0:29:43]} 33. Rxc7 {[%clk 0:04:42]} Rxc7 {[%clk
0:30:10]} 34. Kd4 {[%clk 0:05:00]} b4 {[%clk 0:30:04]} 35. Rg1 {[%clk 0:03:29]}
Rc3 {[%clk 0:30:25]} 36. Rxg4 {[%clk 0:03:51]} Rxb3 {[%clk 0:30:49]} 37. h5
{[%clk 0:04:05]} gxh5 {[%clk 0:31:15]} 38. Rg8+ {[%clk 0:03:59]} Ke7 {[%clk
0:31:39]} 39. Rh8 {[%clk 0:03:57]} Rb2 {[%clk 0:29:57]} 40. f5 {[%clk 0:33:32]}
exf5 {[%clk 0:58:46]} 41. Rxh5 {[%clk 0:26:33]} Rf2 {[%clk 0:58:59]} 42. Kxd5
{[%clk 0:24:43]} b3 {[%clk 0:58:01]} 43. Rh8 {[%clk 0:24:47]} b2 {[%clk 0:56:19]}
44. Rb8 {[%clk 0:25:00]} Re2 {[%clk 0:56:38]} 45. Rb7+ {[%clk 0:11:39]} Kf8
{[%clk 0:56:39]} 46. d4 {[%clk 0:11:04]} f4 {[%clk 0:56:46]} 47. Kc4 {[%clk
0:11:18]} f3 {[%clk 0:56:24]} 48. Kd3 {[%clk 0:10:06]} Rc2 {[%clk 0:55:51]} 49.
Kxc2 {[%clk 0:09:23]} f2 {[%clk 0:54:43]} 50. Rxb2 {[%clk 0:07:13]} f1=Q {[%clk
0:55:08]} 51. Kc3 {[%clk 0:05:53]} Qf3+ {[%clk 0:52:49]} 52. Kc4 {[%clk 0:06:08]}
Qc6+ {[%clk 0:53:00]} 53. Kd3 {[%clk 0:06:17]} Ke7 {[%clk 0:53:15]} 54. Rf2
{[%clk 0:05:52]} Qb5+ {[%clk 0:49:22]} 55. Ke3 {[%clk 0:05:36]} Qb3+ {[%clk
0:48:32]} 56. Ke4 {[%clk 0:05:40]} Qb7+ {[%clk 0:48:36]} 57. Ke3 {[%clk 0:06:05]}
Ke6 {[%clk 0:48:30]} 58. Rf6+ {[%clk 0:06:17]} Kd5 {[%clk 0:48:56]} 59. Rd6+
{[%clk 0:06:41]} Kc4 {[%clk 0:49:23]} 60. Kf4 {[%clk 0:06:38]} Kd3 {[%clk
0:48:51]} 61. Kf5 {[%clk 0:05:42]} Qf3+ {[%clk 0:49:07]} 62. Kg5 {[%clk 0:06:07]}
Ke4 {[%clk 0:48:53]} 63. Kh6 {[%clk 0:06:26]} f5 {[%clk 0:46:23]} 64. Kg6 {[%clk
0:03:50]} Qg3+ {[%clk 0:45:09]} 65. Kf7 {[%clk 0:03:35]} Qh2 {[%clk 0:43:10]} 66.
Rg6 {[%clk 0:02:54]} f4 {[%clk 0:42:07]} 67. e6 {[%clk 0:02:44]} Qh7+ {[%clk
0:41:33]} 68. Kf6 {[%clk 0:02:18]} Qh8+ {[%clk 0:39:12]} 69. Kf7 {[%clk 0:02:34]}
Kf5 {[%clk 0:39:01]} 70. Rg7 {[%clk 0:00:45]} Qxg7+ {[%clk 0:39:14]} 71. Kxg7
{[%clk 0:01:10]} Kxe6 {[%clk 0:39:42]} 0-1

[Event "Irena Warakomska Memorial B"]
[Site "Suwalki"]
[Date "2020.08.13"]
[Round "9"]
[White "Kiolbasa, Damian"]
[Black "Kaminski, Maciej"]
[Result "1/2-1/2"]
[Board "3"]
[WhiteElo "1973"]
[WhiteCountry "POL"]
[WhiteFideId "1146688"]
[WhiteEloChange "-4"]
[BlackElo "1840"]
[BlackCountry "POL"]
[BlackFideId "1175521"]
[BlackEloChange "4"]

1. d4 {[%clk 1:30:57]} Nf6 {[%clk 1:30:52]} 2. c4 {[%clk 1:31:24]} g6 {[%clk
1:31:17]} 3. Nc3 {[%clk 1:31:52]} Bg7 {[%clk 1:31:42]} 4. e4 {[%clk 1:32:19]} d6
{[%clk 1:32:07]} 5. f3 {[%clk 1:32:47]} O-O {[%clk 1:32:30]} 6. Bg5 {[%clk
1:33:15]} a6 {[%clk 1:32:55]} 7. Qd2 {[%clk 1:33:38]} Nbd7 {[%clk 1:33:17]} 8.
Nge2 {[%clk 1:31:02]} c5 {[%clk 1:33:14]} 9. d5 {[%clk 1:30:59]} b5 {[%clk
1:33:31]} 10. cxb5 {[%clk 1:31:27]} Qa5 {[%clk 1:33:51]} 11. a4 {[%clk 1:20:49]}
Nb6 {[%clk 1:32:47]} 12. Nc1 {[%clk 1:21:02]} axb5 {[%clk 1:32:45]} 13. Bxb5
{[%clk 1:21:21]} Ba6 {[%clk 1:31:40]} 14. N1a2 {[%clk 1:18:27]} Bxb5 {[%clk
1:17:21]} 15. axb5 {[%clk 1:18:52]} Nc4 {[%clk 1:11:37]} 16. Qc2 {[%clk 1:05:12]}
h6 {[%clk 0:52:53]} 17. Bc1 {[%clk 0:58:04]} Ne8 {[%clk 0:51:50]} 18. Rb1 {[%clk
0:52:32]} Nc7 {[%clk 0:49:40]} 19. Qe2 {[%clk 0:50:26]} Nb6 {[%clk 0:42:12]} 20.
O-O {[%clk 0:48:20]} Nxb5 {[%clk 0:40:22]} 21. Be3 {[%clk 0:26:31]} Nxc3 {[%clk
0:34:19]} 22. Nxc3 {[%clk 0:26:52]} Na4 {[%clk 0:34:08]} 23. Nxa4 {[%clk
0:26:27]} Qxa4 {[%clk 0:34:31]} 24. Qd2 {[%clk 0:26:07]} Rfb8 {[%clk 0:32:41]}
25. Rfe1 {[%clk 0:16:13]} Qa2 {[%clk 0:30:33]} 26. Bxh6 {[%clk 0:13:54]} Rxb2
{[%clk 0:20:38]} 27. Rxb2 {[%clk 0:13:58]} Qxb2 {[%clk 0:21:02]} 28. Qxb2 {[%clk
0:11:15]} Bxb2 {[%clk 0:21:26]} 29. Kf1 {[%clk 0:11:17]} f6 {[%clk 0:14:50]} 30.
Be3 {[%clk 0:11:34]} Ra2 {[%clk 0:14:28]} 31. Re2 {[%clk 0:11:56]} Ra1+ {[%clk
0:12:55]} 32. Kf2 {[%clk 0:12:13]} Bc3 {[%clk 0:13:16]} 33. h4 {[%clk 0:10:55]}
Rh1 {[%clk 0:10:08]} 34. g3 {[%clk 0:11:15]} Rh2+ {[%clk 0:08:57]} 35. Kf1 {[%clk
0:08:45]} Rh1+ {[%clk 0:09:09]} 36. Kg2 {[%clk 0:08:32]} Re1 {[%clk 0:09:02]} 37.
Kf2 {[%clk 0:06:47]} Rh1 {[%clk 0:06:53]} 38. Kg2 {[%clk 0:04:25]} Re1 {[%clk
0:06:18]} 39. Rxe1 {[%clk 0:00:36]} Bxe1 {[%clk 0:06:42]} 40. Bf2 {[%clk
0:31:03]} Bxf2 {[%clk 0:35:10]} 41. Kxf2 {[%clk 0:31:16]} Kg7 {[%clk 0:34:39]}
42. g4 {[%clk 0:31:19]} 1/2-1/2

[Event "Irena Warakomska Memorial B"]
[Site "Suwalki"]
[Date "2020.08.13"]
[Round "9"]
[White "Milewski, Karol"]
[Black "Widelski, Kacper"]
[Result "0-1"]
[Board "4"]
[WhiteElo "1795"]
[WhiteCountry "POL"]
[WhiteFideId "1143085"]
[WhiteEloChange "-8"]
[BlackElo "1879"]
[BlackCountry "POL"]
[BlackFideId "1159950"]
[BlackEloChange "8"]

1. e4 {[%clk 1:30:58]} c5 {[%clk 1:29:20]} 2. Nf3 {[%clk 1:30:16]} Nc6 {[%clk
1:28:23]} 3. d4 {[%clk 1:27:00]} cxd4 {[%clk 1:28:41]} 4. Nxd4 {[%clk 1:26:00]}
Nf6 {[%clk 1:24:38]} 5. Nc3 {[%clk 1:23:29]} e5 {[%clk 1:21:38]} 6. Ndb5 {[%clk
1:13:58]} d6 {[%clk 1:21:36]} 7. Bg5 {[%clk 1:09:50]} a6 {[%clk 1:19:04]} 8. Na3
{[%clk 1:02:16]} b5 {[%clk 1:13:56]} 9. Nd5 {[%clk 0:55:49]} Be7 {[%clk 1:12:59]}
10. Bxf6 {[%clk 0:54:26]} Bxf6 {[%clk 1:12:30]} 11. c3 {[%clk 0:52:47]} O-O
{[%clk 1:07:54]} 12. Be2 {[%clk 0:45:54]} Bg5 {[%clk 0:59:56]} 13. O-O {[%clk
0:43:40]} Be6 {[%clk 0:55:22]} 14. Nc2 {[%clk 0:39:40]} Ne7 {[%clk 0:48:37]} 15.
Ncb4 {[%clk 0:32:52]} a5 {[%clk 0:42:25]} 16. Nxe7+ {[%clk 0:27:58]} Qxe7 {[%clk
0:42:08]} 17. Nd5 {[%clk 0:26:54]} Qb7 {[%clk 0:39:53]} 18. Qd3 {[%clk 0:18:46]}
Rab8 {[%clk 0:34:08]} 19. g3 {[%clk 0:03:07]} Bd8 {[%clk 0:18:57]} 20. Rad1
{[%clk 0:01:11]} g6 {[%clk 0:17:01]} 21. Bf3 {[%clk 0:00:42]} Kh8 {[%clk
0:14:45]} 22. Bg2 {[%clk 0:00:48]} Qa7 {[%clk 0:11:13]} 23. Kh1 {[%clk 0:00:51]}
f5 {[%clk 0:10:05]} 24. f4 {[%clk 0:00:45]} Qc5 {[%clk 0:06:23]} 25. Rd2 {[%clk
0:00:34]} Rb7 {[%clk 0:04:41]} 26. Re1 {[%clk 0:00:35]} Rbf7 {[%clk 0:03:49]} 27.
b4 {[%clk 0:00:37]} axb4 {[%clk 0:02:54]} 28. cxb4 {[%clk 0:00:53]} Qc6 {[%clk
0:03:03]} 29. Nc3 {[%clk 0:00:36]} Bd7 {[%clk 0:01:55]} 30. exf5 {[%clk 0:00:39]}
Qc8 {[%clk 0:01:41]} 31. fxg6 {[%clk 0:00:37]} hxg6 {[%clk 0:01:51]} 32. Ne4
{[%clk 0:00:34]} Bf5 {[%clk 0:01:17]} 33. Qxd6 {[%clk 0:00:37]} Bc7 {[%clk
0:01:27]} 34. Qd3 {[%clk 0:00:36]} exf4 {[%clk 0:01:36]} 35. Qc3+ {[%clk
0:00:37]} Kg8 {[%clk 0:01:57]} 36. Ng5 {[%clk 0:00:35]} Rg7 {[%clk 0:01:46]} 37.
Bd5+ {[%clk 0:00:49]} Kh8 {[%clk 0:01:47]} 38. Re7 {[%clk 0:00:47]} Rg8 {[%clk
0:00:51]} 39. Qd4 {[%clk 0:00:37]} Bd8 {[%clk 0:00:57]} 40. Rxg7 {[%clk 0:30:35]}
Rxg7 {[%clk 0:30:57]} 41. Nf7+ {[%clk 0:28:27]} Kh7 {[%clk 0:31:19]} 42. Qxf4
{[%clk 0:27:18]} g5 {[%clk 0:30:22]} 43. Qf3 {[%clk 0:22:47]} Bg6 {[%clk
0:25:46]} 44. Be4 {[%clk 0:18:40]} Qc1+ {[%clk 0:24:03]} 45. Rd1 {[%clk 0:17:44]}
Qxd1+ {[%clk 0:24:18]} 46. Qxd1 {[%clk 0:17:48]} Bxe4+ {[%clk 0:24:39]} 47. Kg1
{[%clk 0:17:32]} Bb6+ {[%clk 0:24:59]} 48. Kf1 {[%clk 0:17:54]} Rxf7+ {[%clk
0:25:23]} 49. Ke1 {[%clk 0:18:11]} Bf2+ {[%clk 0:25:34]} 50. Kf1 {[%clk 0:18:07]}
Bd4+ {[%clk 0:25:19]} 51. Ke1 {[%clk 0:18:23]} Bc3+ {[%clk 0:25:42]} 52. Ke2
{[%clk 0:18:48]} Bf3+ {[%clk 0:26:03]} 53. Ke3 {[%clk 0:19:12]} Bxd1 {[%clk
0:26:22]} 0-1

[Event "Irena Warakomska Memorial B"]
[Site "Suwalki"]
[Date "2020.08.13"]
[Round "9"]
[White "Cwiek, Ryszard"]
[Black "Wolagiewicz, Kinga"]
[Result "1/2-1/2"]
[Board "5"]
[WhiteElo "1867"]
[WhiteCountry "POL"]
[WhiteFideId "21840920"]
[WhiteEloChange "-4"]
[BlackElo "1719"]
[BlackCountry "POL"]
[BlackFideId "1195212"]
[BlackEloChange "4"]

1. e4 {[%clk 1:30:55]} c6 {[%clk 1:30:53]} 2. d4 {[%clk 1:31:19]} d5 {[%clk
1:31:18]} 3. exd5 {[%clk 1:31:41]} cxd5 {[%clk 1:31:41]} 4. Bd3 {[%clk 1:32:06]}
Nc6 {[%clk 1:31:58]} 5. c3 {[%clk 1:32:32]} Nf6 {[%clk 1:31:59]} 6. Bf4 {[%clk
1:32:26]} Bg4 {[%clk 1:31:46]} 7. Qb3 {[%clk 1:32:48]} Qc8 {[%clk 1:31:55]} 8.
Nd2 {[%clk 1:31:58]} e6 {[%clk 1:31:48]} 9. Ngf3 {[%clk 1:30:42]} Be7 {[%clk
1:31:27]} 10. O-O {[%clk 1:30:30]} O-O {[%clk 1:31:06]} 11. Rfe1 {[%clk 1:28:11]}
a6 {[%clk 1:29:59]} 12. Ne5 {[%clk 1:20:35]} Bh5 {[%clk 1:29:35]} 13. a4 {[%clk
1:15:11]} Nxe5 {[%clk 1:23:29]} 14. Bxe5 {[%clk 1:14:30]} Nd7 {[%clk 1:22:57]}
15. Bg3 {[%clk 1:13:04]} Qc6 {[%clk 1:20:15]} 16. Rac1 {[%clk 1:01:29]} Bg6
{[%clk 1:10:04]} 17. Bxg6 {[%clk 0:33:29]} hxg6 {[%clk 1:10:25]} 18. c4 {[%clk
0:31:53]} Nf6 {[%clk 1:01:09]} 19. c5 {[%clk 0:28:41]} Rac8 {[%clk 0:54:55]} 20.
Qa2 {[%clk 0:24:48]} a5 {[%clk 0:45:03]} 21. Qb3 {[%clk 0:22:15]} Qa6 {[%clk
0:35:55]} 22. Qb5 {[%clk 0:21:18]} Rc6 {[%clk 0:33:13]} 23. Rc3 {[%clk 0:20:16]}
Nh5 {[%clk 0:29:47]} 24. Rb3 {[%clk 0:17:34]} Nxg3 {[%clk 0:29:37]} 25. hxg3
{[%clk 0:17:56]} Rb8 {[%clk 0:29:28]} 26. Nf3 {[%clk 0:16:06]} Bf6 {[%clk
0:27:05]} 27. Qxa6 {[%clk 0:12:32]} Rxa6 {[%clk 0:27:28]} 28. Rb5 {[%clk
0:12:47]} Ra7 {[%clk 0:20:06]} 29. Re3 {[%clk 0:08:24]} Rc8 {[%clk 0:20:03]} 30.
Reb3 {[%clk 0:07:03]} Rc7 {[%clk 0:20:10]} 31. Kf1 {[%clk 0:05:46]} Kf8 {[%clk
0:19:58]} 32. Re3 {[%clk 0:05:30]} Rc6 {[%clk 0:18:38]} 33. Ke2 {[%clk 0:05:24]}
Ke8 {[%clk 0:12:15]} 34. Kd2 {[%clk 0:05:22]} Kd7 {[%clk 0:09:30]} 35. Reb3
{[%clk 0:03:33]} Rc7 {[%clk 0:08:43]} 36. Rb6 {[%clk 0:02:05]} Kc8 {[%clk
0:07:08]} 37. Re3 {[%clk 0:02:23]} Kd7 {[%clk 0:02:35]} 38. Reb3 {[%clk 0:01:44]}
Kc8 {[%clk 0:02:54]} 39. Re3 {[%clk 0:02:06]} Kd7 {[%clk 0:03:05]} 40. Kd3 {[%clk
0:30:26]} Rc6 {[%clk 0:32:01]} 41. Rxc6 {[%clk 0:28:40]} Kxc6 {[%clk 0:31:25]}
42. Kd2 {[%clk 0:27:45]} b6 {[%clk 0:26:44]} 43. cxb6 {[%clk 0:26:01]} Kxb6
{[%clk 0:26:30]} 44. Rb3+ {[%clk 0:25:37]} Kc6 {[%clk 0:26:14]} 1/2-1/2

[Event "Irena Warakomska Memorial B"]
[Site "Suwalki"]
[Date "2020.08.13"]
[Round "9"]
[White "Sapinski, Sebastian"]
[Black "Czech, Mieczyslaw"]
[Result "1-0"]
[Board "6"]
[WhiteElo "1599"]
[WhiteCountry "POL"]
[WhiteFideId "21817340"]
[WhiteEloChange "16"]
[BlackElo "1863"]
[BlackCountry "POL"]
[BlackFideId "1118862"]
[BlackEloChange "-16"]

1. e4 {[%clk 1:30:57]} c5 {[%clk 1:30:25]} 2. Nf3 {[%clk 1:31:22]} d6 {[%clk
1:30:37]} 3. d4 {[%clk 1:31:46]} cxd4 {[%clk 1:30:47]} 4. Nxd4 {[%clk 1:32:10]}
Nf6 {[%clk 1:29:33]} 5. Nc3 {[%clk 1:31:15]} a6 {[%clk 1:29:41]} 6. Be2 {[%clk
1:24:40]} e5 {[%clk 1:28:38]} 7. Nb3 {[%clk 1:23:41]} Be6 {[%clk 1:28:47]} 8. Bg5
{[%clk 1:22:56]} Nbd7 {[%clk 1:28:06]} 9. Nd5 {[%clk 1:16:45]} h6 {[%clk
1:26:06]} 10. Bxf6 {[%clk 1:14:57]} Nxf6 {[%clk 1:26:13]} 11. Nxf6+ {[%clk
1:09:44]} Qxf6 {[%clk 1:25:04]} 12. c4 {[%clk 1:06:44]} Rc8 {[%clk 1:24:22]} 13.
Nd2 {[%clk 1:06:05]} Be7 {[%clk 1:22:33]} 14. Qa4+ {[%clk 1:02:59]} Bd7 {[%clk
1:22:37]} 15. Qb3 {[%clk 1:03:03]} Bc6 {[%clk 1:22:36]} 16. O-O {[%clk 1:02:08]}
O-O {[%clk 1:22:45]} 17. Rad1 {[%clk 0:49:10]} Qg6 {[%clk 1:21:05]} 18. f3 {[%clk
0:47:06]} Kh8 {[%clk 1:19:03]} 19. Bd3 {[%clk 0:44:19]} Bg5 {[%clk 1:18:44]} 20.
Rfe1 {[%clk 0:42:18]} Rce8 {[%clk 1:18:13]} 21. Nf1 {[%clk 0:40:57]} Qe6 {[%clk
1:13:51]} 22. Qb4 {[%clk 0:32:32]} Be7 {[%clk 1:12:21]} 23. Qb6 {[%clk 0:29:34]}
Bd8 {[%clk 1:08:21]} 24. Qb4 {[%clk 0:28:08]} Be7 {[%clk 1:08:30]} 25. Qa5 {[%clk
0:22:20]} Bd8 {[%clk 1:08:29]} 26. Qa3 {[%clk 0:20:58]} Be7 {[%clk 1:06:39]} 27.
b4 {[%clk 0:18:54]} Qd7 {[%clk 1:05:02]} 28. Ne3 {[%clk 0:17:02]} g6 {[%clk
1:04:43]} 29. Rb1 {[%clk 0:16:00]} b5 {[%clk 1:03:14]} 30. cxb5 {[%clk 0:10:27]}
axb5 {[%clk 1:01:41]} 31. Qb3 {[%clk 0:10:24]} Qb7 {[%clk 1:00:33]} 32. Nd5
{[%clk 0:08:23]} Bxd5 {[%clk 1:00:50]} 33. Qxd5 {[%clk 0:08:49]} Qxd5 {[%clk
0:59:03]} 34. exd5 {[%clk 0:09:15]} Rb8 {[%clk 0:59:02]} 35. Rec1 {[%clk
0:09:18]} Rb7 {[%clk 0:57:06]} 36. Rc6 {[%clk 0:09:24]} Rd8 {[%clk 0:55:33]} 37.
Rbc1 {[%clk 0:08:43]} Rdd7 {[%clk 0:55:41]} 38. Ra6 {[%clk 0:08:31]} Rd8 {[%clk
0:54:01]} 39. Rcc6 {[%clk 0:07:50]} Rdb8 {[%clk 0:54:16]} 40. Kf2 {[%clk
0:38:20]} Kg7 {[%clk 1:25:10]} 41. Ra5 {[%clk 0:36:40]} Bd8 {[%clk 1:23:07]} 42.
Ra3 {[%clk 0:35:38]} Be7 {[%clk 1:23:13]} 43. Rca6 {[%clk 0:35:39]} Kf6 {[%clk
1:00:29]} 44. Ra8 {[%clk 0:33:05]} Bd8 {[%clk 0:59:46]} 45. Ke2 {[%clk 0:29:38]}
Ke7 {[%clk 0:58:27]} 46. Rxb8 {[%clk 0:29:25]} Rxb8 {[%clk 0:58:53]} 47. Ra7+
{[%clk 0:29:50]} Ke8 {[%clk 0:59:19]} 48. Kd2 {[%clk 0:28:43]} Kf8 {[%clk
0:58:28]} 49. Rd7 {[%clk 0:26:54]} Be7 {[%clk 0:58:26]} 50. Kc2 {[%clk 0:26:01]}
Ke8 {[%clk 0:58:43]} 51. Ra7 {[%clk 0:25:59]} Bd8 {[%clk 0:59:01]} 52. Kb3 {[%clk
0:26:13]} Kf8 {[%clk 0:58:54]} 53. Rd7 {[%clk 0:23:20]} Be7 {[%clk 0:59:22]} 54.
Ra7 {[%clk 0:20:59]} Bd8 {[%clk 0:59:46]} 55. a4 {[%clk 0:21:13]} bxa4+ {[%clk
0:59:43]} 56. Kxa4 {[%clk 0:21:30]} Bg5 {[%clk 0:51:58]} 57. Ba6 {[%clk 0:18:18]}
Bd2 {[%clk 0:44:11]} 58. Rb7 {[%clk 0:14:28]} Ra8 {[%clk 0:43:21]} 59. b5 {[%clk
0:14:50]} f5 {[%clk 0:38:15]} 60. Rd7 {[%clk 0:10:30]} e4 {[%clk 0:38:38]} 61.
fxe4 {[%clk 0:10:33]} fxe4 {[%clk 0:39:02]} 62. Rxd6 {[%clk 0:10:50]} e3 {[%clk
0:39:20]} 63. Re6 {[%clk 0:11:02]} Kf7 {[%clk 0:39:32]} 64. Kb3 {[%clk 0:09:15]}
Ra7 {[%clk 0:38:30]} 65. b6 {[%clk 0:03:54]} Ra8 {[%clk 0:36:03]} 66. b7 {[%clk
0:04:05]} Rb8 {[%clk 0:36:16]} 67. Kc2 {[%clk 0:04:08]} Bb4 {[%clk 0:35:31]} 68.
Rxe3 {[%clk 0:04:18]} Bd6 {[%clk 0:35:50]} 69. Re6 {[%clk 0:04:41]} Bxh2 {[%clk
0:36:11]} 70. Kd3 {[%clk 0:04:18]} Re8 {[%clk 0:34:08]} 71. Rc6 {[%clk 0:03:58]}
Re1 {[%clk 0:29:51]} 72. Kd4 {[%clk 0:02:38]} Be5+ {[%clk 0:26:56]} 73. Kc5
{[%clk 0:02:46]} Rb1 {[%clk 0:22:21]} 74. d6 {[%clk 0:01:49]} Bf4 {[%clk
0:19:19]} 75. Rc8 {[%clk 0:01:13]} Be3+ {[%clk 0:19:39]} 76. Kc6 {[%clk 0:00:37]}
Rb6+ {[%clk 0:19:25]} 77. Kd7 {[%clk 0:01:04]} Bf4 {[%clk 0:18:39]} 78. b8=Q
{[%clk 0:01:15]} 1-0

[Event "Irena Warakomska Memorial B"]
[Site "Suwalki"]
[Date "2020.08.13"]
[Round "9"]
[White "Pieczulis, Blazej"]
[Black "Kotarski, Bartosz"]
[Result "0-1"]
[Board "8"]
[WhiteElo "1595"]
[WhiteCountry "POL"]
[WhiteFideId "21840970"]
[WhiteEloChange "-6"]
[BlackElo "1742"]
[BlackCountry "POL"]
[BlackFideId "1159267"]
[BlackEloChange "6"]

1. d4 {[%clk 1:30:55]} c5 {[%clk 1:30:43]} 2. d5 {[%clk 1:30:00]} e5 {[%clk
1:31:05]} 3. c4 {[%clk 1:29:58]} d6 {[%clk 1:31:30]} 4. Nc3 {[%clk 1:29:48]} Nf6
{[%clk 1:31:15]} 5. e4 {[%clk 1:29:09]} Be7 {[%clk 1:31:39]} 6. g3 {[%clk
1:29:23]} O-O {[%clk 1:31:58]} 7. Bg2 {[%clk 1:29:22]} Ne8 {[%clk 1:31:43]} 8.
Nge2 {[%clk 1:29:35]} g6 {[%clk 1:32:05]} 9. O-O {[%clk 1:29:42]} f5 {[%clk
1:32:30]} 10. f4 {[%clk 1:29:09]} exf4 {[%clk 1:24:06]} 11. Nxf4 {[%clk 1:20:24]}
Bf6 {[%clk 1:21:16]} 12. Qe2 {[%clk 1:15:29]} Ng7 {[%clk 1:21:30]} 13. Nd3 {[%clk
1:18:13]} Re8 {[%clk 1:20:17]} 14. Bf4 {[%clk 1:10:27]} g5 {[%clk 1:04:50]} 15.
Bd2 {[%clk 1:08:31]} Nd7 {[%clk 1:02:57]} 16. Rae1 {[%clk 1:09:26]} Bd4+ {[%clk
0:51:58]} 17. Kh1 {[%clk 1:09:11]} Qf6 {[%clk 0:48:02]} 18. Qd1 {[%clk 1:04:15]}
Nb6 {[%clk 0:47:12]} 19. Qb3 {[%clk 1:02:18]} Qg6 {[%clk 0:41:31]} 20. Nf2 {[%clk
0:49:56]} Bd7 {[%clk 0:32:32]} 21. Nb5 {[%clk 0:50:15]} Bxb5 {[%clk 0:31:53]} 22.
Qxb5 {[%clk 0:48:38]} Rf8 {[%clk 0:24:40]} 23. exf5 {[%clk 0:39:08]} Nxf5 {[%clk
0:24:59]} 24. Be4 {[%clk 0:46:11]} Qg7 {[%clk 0:20:16]} 25. Nh3 {[%clk 0:42:10]}
Qg6 {[%clk 0:16:32]} 26. Nxg5 {[%clk 0:37:29]} Nxg3+ {[%clk 0:13:58]} 27. hxg3
{[%clk 0:37:22]} Rxf1+ {[%clk 0:14:25]} 28. Rxf1 {[%clk 0:36:12]} Qh5+ {[%clk
0:14:53]} 29. Kg2 {[%clk 0:36:20]} Qe2+ {[%clk 0:15:21]} 30. Kh3 {[%clk 0:36:24]}
Qxf1+ {[%clk 0:15:45]} 31. Kh4 {[%clk 0:36:43]} Qxc4 {[%clk 0:15:14]} 32. Bxh7+
{[%clk 0:36:12]} Kg7 {[%clk 0:15:18]} 33. Qxc4 {[%clk 0:36:36]} Nxc4 {[%clk
0:15:46]} 34. Bf4 {[%clk 0:36:21]} Rh8 {[%clk 0:16:06]} 35. b3 {[%clk 0:36:46]}
Ne5 {[%clk 0:16:26]} 36. g4 {[%clk 0:36:40]} Rxh7+ {[%clk 0:16:30]} 37. Nxh7
{[%clk 0:37:04]} Kxh7 {[%clk 0:16:57]} 38. Kg5 {[%clk 0:37:15]} Kg7 {[%clk
0:17:07]} 39. Kf5 {[%clk 0:37:36]} Kf7 {[%clk 0:17:28]} 40. g5 {[%clk 1:08:22]}
Ke7 {[%clk 0:42:24]} 41. g6 {[%clk 1:08:42]} c4 {[%clk 0:26:51]} 42. Bg5+ {[%clk
1:07:18]} Kf8 {[%clk 0:24:31]} 43. bxc4 {[%clk 1:06:02]} Nxc4 {[%clk 0:24:51]}
44. Ke6 {[%clk 1:06:25]} Kg7 {[%clk 0:24:40]} 45. Be7 {[%clk 1:06:50]} Bc5 {[%clk
0:24:47]} 46. Kd7 {[%clk 1:06:52]} Kxg6 {[%clk 0:24:54]} 47. Kc7 {[%clk 1:06:56]}
b6 {[%clk 0:25:23]} 48. Kb7 {[%clk 1:07:03]} a5 {[%clk 0:25:42]} 49. Kc6 {[%clk
1:07:24]} Kf5 {[%clk 0:24:44]} 50. Bd8 {[%clk 1:07:30]} Ke5 {[%clk 0:24:18]} 51.
Bc7 {[%clk 1:07:42]} Ne3 {[%clk 0:23:30]} 52. Bxb6 {[%clk 1:07:54]} Bxb6 {[%clk
0:23:58]} 53. Kxb6 {[%clk 1:08:21]} Nc4+ {[%clk 0:23:59]} 54. Kc6 {[%clk
1:08:40]} Kd4 {[%clk 0:24:22]} 55. Kb5 {[%clk 1:09:01]} Kxd5 {[%clk 0:24:46]} 56.
a4 {[%clk 1:09:25]} Kd4 {[%clk 0:25:08]} 57. Kc6 {[%clk 1:09:45]} d5 {[%clk
0:25:30]} 58. Kb5 {[%clk 1:10:11]} 0-1